| 000 | 01618nam a22002657a 4500 | ||
|---|---|---|---|
| 999 |
_c2303 _d2303 |
||
| 003 | AR-CdUCM | ||
| 008 | 190304b ||||| |||| 00| 0 spa d | ||
| 020 | _a9972-42-040-X | ||
| 040 |
_aMUNICIPALIDAD PROVINCIAL DEL CUSCO _cBIBLIOTECA MUNICIPAL DEL CUSCO |
||
| 082 |
_a348.1 / _bC34 |
||
| 100 |
_aCastillo Freyre, Mario _98311 |
||
| 245 |
_aLas Doctrinas Tradicionales frente a la Contratación Computarizada : _bAnálisis del funcionamiento de las doctrinas tradicionales sobre consentimientos, nulidad, anulabilidad y disentimiento en los contratos celebrados a través de medios informáticos / |
||
| 260 |
_aLima : _bFondo Editorial PUCP ; _c1996. |
||
| 300 |
_a128 páginas _c18cm |
||
| 440 |
_aBiblioteca de Derecho Contemporáneo _nvol. 3 _98312 |
||
| 505 | _aContenidos: t.1 -- Teorías que rigen la formación del consentimiento -- Plazo para aceptar -- Inicio de ejecución sin respuesta previa -- El silencio circunstanciado -- Efectos de la muerte o incapacidad t.2 -- Análisis del funcionamiento de las doctrinas -- Contratos celebrados por teléfono... t.3 -- Teorias que rigen la formación del consentimiento -- Plazo para aceptar -- Inicio de ejecución sin respuestas previa -- El silencio circunstanciado -- efectos de la muerte o incapacidad sobreviviente del oferente ... t.4 -- La nulidad del acto jurídico -- La anulabilidad del acto jurídico ... | ||
| 650 |
_aTemas Jurídicos _98313 |
||
| 650 |
_aNulidad _98314 |
||
| 650 |
_aDisconformidad _98315 |
||
| 650 |
_aDisentimiento _98316 |
||
| 650 |
_aContratos _98317 |
||
| 710 |
_aPUCP _98318 |
||
| 942 |
_2ddc _cLIBROS |
||
| 945 | _anom | ||